Ética y lenguaje
Αποθηκεύτηκε σε:
| Κύριος συγγραφέας: | |
|---|---|
| Μορφή: | Βιβλίο |
| Γλώσσα: | Undetermined |
| Έκδοση: |
Barcelona, España
Paidós
1984
|
| Θέματα: | |
| Ετικέτες: |
Προσθήκη ετικέτας
Δεν υπάρχουν, Καταχωρήστε ετικέτα πρώτοι!
|
MARC
| LEADER | 00000nam a2200000Ia 4500 | ||
|---|---|---|---|
| 008 | 170316s9999 xx 000 0 und d | ||
| 090 | |a 100 S-66e | ||
| 100 | |a Stevenson, Ch.L. | ||
| 245 | |a Ética y lenguaje | ||
| 260 | |a Barcelona, España | ||
| 260 | |b Paidós | ||
| 260 | |c 1984 | ||
| 300 | |a 308 páginas | ||
| 650 | |a FILOSOFÍA | ||
| 650 | |a ÉTICA | ||
| 999 | |c 17705 |d 17705 | ||
| 040 | |a cru BVZT | ||
| 942 | |c 15 D |h 100 S-66e |2 z | ||
